000 00729nam a2200217Ii 4500
003 JO-AjNU
008 230605s9999||||xx |||||||||||||| ||und||
017 _a1992/3/148
040 _aJO-AjNU
_bara
_erda
_cJO-AjNU
041 _aara
050 1 4 _aBP173.4.B5788 1992
100 3 _aبريغش، محمد حسن,
_eauthor
_910392
245 0 0 _aالمرأة المسلمة الداعية في التربية
250 _aط6 مزيدة ومنقحة
264 3 1 _aعمان: دار البشير للنشر، 1992
300 _a135ص
336 _atext
_btxt
_2rdacontent
337 _aunmediated
_bn
_2rdamedia
338 _avolume
_bnc
_2rdacarrier
650 4 _aالدعوة الاسلامية- المرأة المسلمة
_910393
999 _aA1783
_c5351
_d5351